| 000 | 00868nam a2200241Ia 4500 | ||
|---|---|---|---|
| 003 | OSt | ||
| 005 | 20220918110705.0 | ||
| 006 | a|||||r|||| 00| 0 | ||
| 007 | ta | ||
| 008 | 220915b |||||||| |||| 00| 0 san d | ||
| 024 | _a92,678 | ||
| 037 | _cReference Collections | ||
| 040 |
_aARTS _cARTS _bsan |
||
| 041 |
_2san _asan |
||
| 082 | _aP15k, 152M8.1(RR) | ||
| 100 |
_aवर्णेकर, श्रीधर भास्कर, ले. _99019 |
||
| 245 | 0 | _aसंस्कृत वाङ्मय कोश | |
| 246 | _aSanskṛut vānmaya kosha | ||
| 260 |
_aकलकता _bभारतीय भाषा परिषद् भारत _c1988 |
||
| 490 | _vभाग 1 | ||
| 942 |
_hP15k, 152M8.1(RR) _cREF |
||
| 999 |
_c114039 _d114039 |
||